00729nam a2200229 a 4500001001300000003000900013005001700022008004100039020002300080082001700103100002400120245005900144260004400203300000900247500003500256650001000291700002400301902000800325942000700333952014200340999001700482nice12345678IN_TiNIC20260116014617.0070412s2005 lona grp 000 0 eng  a0195174542 c50000a303.66bLED2 aLederach, John Paul aMoral Imaginationb The Art and Soul of Building Peace aLondan bOxford University Press c2005 a183p aincludes index and biblioraphy aPeace1 aLederach, John Paul bSRC cBK 001040708StackRoom-aHMIbHMId2010-04-12g500.00l2o303.66 LED2p021453q2026-02-24r2026-02-10s2026-02-10v500.00w2007-04-12yBK c16220d16220